| 000 | 00507nam a2200181 a 4500 | ||
|---|---|---|---|
| 001 | 000044057 | ||
| 005 | 20201002045124.0 | ||
| 008 | 140514s1997 sp 000 0 spa d | ||
| 020 | _a8426327346 | ||
| 040 |
_aDO-SdBNP _bspa _cBNPHU |
||
| 100 | 1 |
_aGisbert, Joan Manuel _972045 |
|
| 245 | 1 | 4 |
_aLos Espejos Venecianos / _cJoan Manuel Gisbert. |
| 250 | _a5a. ed. | ||
| 260 |
_aBarcelona : _bEDELVIVES, _c1997. |
||
| 300 |
_a133 p. ; _c22 cm. |
||
| 490 | 1 | _aSueños de papel | |
| 830 | 0 |
_aSueños de papel _972046 |
|
| 999 |
_c43546 _d43546 |
||